Estadísticas para Top 10 Países que tienen el Mayor Número de Husos Horarios

Haz click aquí para tomar la prueba!

Estadísticas generales

  • Esta prueba ha sido tomada 2.253 veces
  • La puntuación promedio es 8 de 10

Estadísticas de respuestas

#País% Correcto
11Rusia
99%
11Estados Unidos
99%
6Canadá
93%
8Australia
90%
4Brasil
88%
4México
75%
12Francia
73%
9Reino Unido
70%
5Dinamarca
41%
5Nueva Zelanda
35%

Distribución de puntuación

Porcentaje por número respondido

Porcentaje de gente con cada puntuación

Historial de tus puntuaciones

No has tomado esta prueba